Word Ladder: On the Farm Quiz Stats

 Plays Quiz Updated Aug 2, 2016

Challenge
Share
Tweet
Embed
Score 0/23 Timer 02:00
0 Plays Today
Hint 3-Letter Word % Correct
Animal that lives in a styPIG
98.6%
Animal that rounds up sheepDOG
97.6%
Use a shovelDIG
96.8%
Honey makerBEE
94.9%
Bale of ---HAY
93.9%
London's Big ___BEN
93%
Animal that lives in a coopHEN
91.7%
Milk producerCOW
90.8%
Parting wordBYE
90.4%
Animal that lives in a styHOG
88.7%
'Yo!'HEY
88.1%
Mouse catcherCAT
87.8%
Hint 3-Letter Word % Correct
Shaft of lightRAY
86.8%
Farm implementHOE
85.6%
Cereal grainRYE
84.9%
Barracks bedCOT
83.3%
Cereal grainOAT
83%
Sweet potatoYAM
80.8%
Ewe's mateRAM
80.1%
Acorn producerOAK
79.9%
Kind of deerROE
76.2%
Female that lives in a stySOW
74.4%
Beast of burdenYAK
74.3%

Today's Daily Dose

You're not logged in!

Compare scores with friends on all Sporcle quizzes.
Join for Free
OR
Log In

You Might Also Like...

Show Comments

Extras

Top Quizzes Today


Score Distribution

Your Account Isn't Verified!

In order to create a playlist on Sporcle, you need to verify the email address you used during registration. Go to your Sporcle Settings to finish the process.

Report this User

Report this user for behavior that violates our Community Guidelines.

Details: